000 01010ngm a22003610a 4500
001 PT15358
003 AR-LpoUNG
005 20210202000144.0
007 vd cvaizq
008 191001ss.f.||||ag |||||||||||||||||spa d
040 _aAR-LpoUNG
_bspa
_cAR-LpoUNG
_eaacr
041 _aspa
044 _aag
082 0 _a306.01 678pro
245 1 0 _aProyecto de comunicación arte y salud en el barrio
260 _aBuenos Aires :
_bSOFOVIAL,
_cs.f..
300 _aVHS : son., col.
650 4 _aACUERDOS CULTURALES
650 4 _aARTE
650 4 _aCREATIVIDAD
650 4 _aCULTURA POPULAR
650 4 _aCULTURA TRADICIONAL
650 4 _aESTETICA
650 4 _aMEDIOS DE COMUNICACION
650 4 _aPLANIFICACION DE LA COMUNICACION
650 4 _aSOCIEDAD
650 4 _aSOFOVIAL
653 _aVIDEOS
710 2 _aSociedad de Fomento del Video Alternativo (Buenos Aires)
710 2 _aUniversidad Nacional de General Sarmiento. Instituto del Conurbano
905 _a15358
942 _cVIDEO
999 _c54220
_d54220